Sports Quiz

Random Sports or Baseball Quiz

100 RBI Seasons: Angels Quiz Stats

Quiz not verified by Sporcle

Challenge
Share
Tweet
Embed
Score 0/37 Timer 07:00
0 Plays Today
Year Player % Correct
2014*Mike Trout
95.7%
2016*Mike Trout
95.6%
2016*Albert Pujols
95.6%
2014*Albert Pujols
94%
1995Tim Salmon
92.1%
1997Tim Salmon
92.1%
2004Vladimir Guerrero
91.6%
2005Vladimir Guerrero
91.6%
2006Vladimir Guerrero
91.6%
2007Vladimir Guerrero
91.6%
2000Garret Anderson
90.3%
2001Garret Anderson
90.3%
2002Garret Anderson
90.3%
2003Garret Anderson
90.3%
2012*Albert Pujols
90.3%
2000Troy Glaus
88.3%
2001Troy Glaus
88.3%
2002Troy Glaus
88.3%
1982^Reggie Jackson
82.9%
Year Player % Correct
1979Don Baylor
71.4%
2000Darin Erstad
68.9%
2009*Kendrys Morales
66.6%
1986Wally Joyner
63%
1987Wally Joyner
63%
2013*Mark Trumbo
61%
1979Bobby Grich
61%
1995Jim Edmonds
57.7%
1999Mo Vaughn
51.5%
2000Mo Vaughn
51.5%
2009Bobby Abreu
40.8%
1993Chili Davis
38.3%
1962Leon Wagner
24%
1995JT Snow
23%
1977Bobby Bonds
17.3%
1979Dan Ford
14.8%
2004Jose Guillen
13.3%
1962Lee Thomas
12%

You're not logged in!

Compare scores with friends on all Sporcle quizzes.
Join for Free
OR
Log In

You Might Also Like...

Show Comments

Extras

Top Quizzes Today


Score Distribution

Your Account Isn't Verified!

In order to create a playlist on Sporcle, you need to verify the email address you used during registration. Go to your Sporcle Settings to finish the process.

Report this User

Report this user for behavior that violates our Community Guidelines.

Details: